UBT Library

E-habits : (Record no. 516)

000 -LEADER
fixed length control field 00938nam a22002177a 4500
005 - DATE AND TIME OF LATEST TRANSACTION
control field 20141009045334.0
008 - FIXED-LENGTH DATA ELEMENTS--GENERAL INFORMATION
fixed length control field 100120s2010 nyua 001 0 eng
020 ## - INTERNATIONAL STANDARD BOOK NUMBER
International Standard Book Number 9780071629959
024 #0 - OTHER STANDARD IDENTIFIER
Terms of availability eng
080 ## - UNIVERSAL DECIMAL CLASSIFICATION NUMBER
Universal Decimal Classification number 62-16/-17
100 1# - Rafti
Rafti Charnock, Elizabeth.
245 10 - TITLE STATEMENT
Title E-habits :
Statement of responsibility, etc Elizabeth Charnock.
250 ## -
-- 1 st.ed.;
260 ## -
-- New York :
-- McGraw-Hill,
-- 2010.
300 ## -
-- 250 f. :
-- me il.;
-- 21 cm.
500 ## -
-- Includes index f.247-250
505 0# -
-- The digital you -- The digital you at work -- Actions speak louder than words -- Annoying digital you character traits -- The digital you in a bad mood -- Love, sex, romance and the digital you -- When the spotlight shines on you -- The twists and turns of the digital grapevine -- Can the digital you improve the real you?.
650 #0 -
-- Komunikimi
650 #0 -
-- Teknologjia
942 ## - ADDED ENTRY ELEMENTS (KOHA)
Source of classification or shelving scheme
Item type Books
Holdings
Withdrawn status Lost status Source of classification or shelving scheme Damaged status Not for loan Collection code Permanent location Current location Shelving location Date acquired Total Checkouts Full call number Barcode Date last seen Koha item type Price effective from
          Koleksioni i përgjithshem UBT - Ferizaj UBT - Ferizaj Koleksioni i përgjithshem 10/09/2014   62-16/-17 CHA 003000799 10/09/2014 Books  
          Koleksioni i përgjithshem UBT - Ferizaj UBT - Ferizaj Koleksioni i përgjithshem 10/09/2014   62-16/-17 CHA 003000800 10/09/2014 Books  
          Koleksioni i përgjithshem UBT - Ferizaj UBT - Ferizaj Koleksioni i përgjithshem 10/09/2014   62-16/-17 CHA 003000801 10/09/2014 Books  
          Koleksioni i përgjithshem UBT - Ferizaj UBT - Ferizaj Koleksioni i përgjithshem 10/09/2014   62-16/-17 CHA 003000802 10/09/2014 Books  
          Koleksioni i përgjithshem UBT - Ferizaj UBT - Ferizaj Koleksioni i përgjithshem 10/09/2014   62-16/-17 CHA 003000803 10/09/2014 Books  
          Koleksioni i përgjithshem UBT - Ferizaj UBT - Ferizaj Koleksioni i përgjithshem 10/09/2014   62-16/-17 CHA 003000804 10/09/2014 Books  
          Koleksioni i përgjithshem UBT - Ferizaj UBT - Ferizaj Koleksioni i përgjithshem 10/09/2014   62-16/-17 CHA 003000805 10/09/2014 Books  
          Koleksioni i përgjithshem UBT - Ferizaj UBT - Ferizaj Koleksioni i përgjithshem 10/09/2014   62-16/-17 CHA 003000806 10/09/2014 Books  
          Koleksioni i përgjithshem UBT - Ferizaj UBT - Ferizaj Koleksioni i përgjithshem 10/09/2014   62-16/-17 CHA 003000807 10/09/2014 Books  
          Koleksioni i përgjithshem UBT - Ferizaj UBT - Ferizaj Koleksioni i përgjithshem 10/09/2014   62-16/-17 CHA 003000808 10/09/2014 Books  
          Koleksioni i përgjithshem UBT - Lipjan UBT - Lipjan Koleksioni i përgjithshem 10/31/2017   33 CHA 002-2935424 10/31/2017 Books 10/31/2017
          Koleksioni i përgjithshem UBT - Lipjan UBT - Lipjan Koleksioni i përgjithshem 10/31/2017   33 CHA 002-2935419 10/31/2017 Books 10/31/2017
          Koleksioni i përgjithshem UBT - Lipjan UBT - Lipjan Koleksioni i përgjithshem 10/31/2017   33 CHA 002-2935414 10/31/2017 Books 10/31/2017
          Koleksioni i përgjithshem UBT - Lipjan UBT - Lipjan Koleksioni i përgjithshem 10/31/2017   33 CHA 002-2935468 10/31/2017 Books 10/31/2017
          Koleksioni i përgjithshem UBT - Lipjan UBT - Lipjan Koleksioni i përgjithshem 10/31/2017   33 CHA 002-2935463 10/31/2017 Books 10/31/2017
UBT Library © 2015-2024. All rights reserved University Education for Business and Technology